[Event "8th Asian Seniors 65 Championships 2017"]
[Site "Auckland, NZL NZL"]
[Date "2017.10.12"]
[Round "5.3"]
[White "Lovejoy, David"]
[Black "Taylor, Richard"]
[Result "1/2-1/2"]
[WhiteElo "1838"]
[BlackElo "1845"]
[PlyCount "80"]
[EventDate "2017.??.??"]

1. e4 Nf6 2. e5 Nd5 3. Nf3 d6 4. d4 g6 5. Bc4 Nb6 6. Bb3 Bg7 7. Qe2 dxe5 8.
dxe5 Nc6 9. Nbd2 O-O 10. h3 Bf5 11. g4 Be6 12. c3 Bxb3 13. Nxb3 f5 14. g5 Qd5
15. Bf4 Qe4 16. Bh2 Qxe2+ 17. Kxe2 f4 18. e6 Rf5 19. Rad1 Nc4 20. Rd7 Nxb2 21.
Nbd4 Nxd4+ 22. cxd4 Ra5 23. Rxc7 Ra6 24. d5 Rxa2 25. Rhc1 Na4+ 26. Kf1 Nc3 $2 {
Black should defend with Nb6. However, White rejects the opportunity to
collect a Bishop and Knight for a Rook.} 27. d6 $2 exd6 28. Bxf4 b5 $2 {
Black should again be defending with Re8.} 29. Bxd6 Re8 30. e7 $2 {
White overlooks the winning move Bb4 kicking the Knight and preparing Rc8} Kf7
31. Be5 $2 {
White misses his final chance to win decisive material with R (either) xc3.}
Bxe5 32. Nxe5+ Ke6 33. Nd3 Ne4 34. R1c6+ Kf5 35. f3 Ng3+ 36. Kg1 Ne2+ 37. Kf1
Ng3+ 38. Kg1 Ne2+ 39. Kf1 Ng3+ 40. Ke1 Ra3 $2 ({
In the final position White can win simply by} 40... Ra3 41. Rf6+ Kxg5 42. Rf8)
1/2-1/2

[Event "8th Asian Seniors 65 Championships 2017"]
[Site "Auckland, NZL NZL"]
[Date "2017.10.12"]
[Round "5.6"]
[White "Kerr, Grant"]
[Black "Lynn, William"]
[Result "0-1"]
[WhiteElo "1940"]
[BlackElo "1817"]
[PlyCount "102"]
[EventDate "2017.??.??"]

1. b3 e5 2. Bb2 Nc6 3. e3 d5 4. Bb5 Bd6 5. f4 Qe7 6. Nf3 Bg4 7. Bxc6+ bxc6 8.
fxe5 Bxe5 9. Bxe5 Bxf3 10. Qxf3 Qxe5 11. Nc3 Nf6 12. O-O O-O 13. Qf5 Qe7 14.
Rae1 Rad8 15. e4 d4 16. Na4 Nd7 17. h3 Ne5 18. d3 Rd6 19. Qf2 Rd7 20. Qg3 f6
21. Nb2 Qa3 22. Nc4 Nxc4 23. bxc4 Qxa2 24. e5 Qa3 25. exf6 Qd6 26. Qxd6 cxd6
27. fxg7 Rxf1+ 28. Kxf1 Kxg7 29. Re4 c5 30. Ke2 a5 31. Kd2 a4 32. Kc1 Rb7 $1 {
When I saw William play this, I thought he'd made a mistake. Surely Ra7 was
better?} 33. Re8 Kf6 34. Ra8 Ke5 35. Rxa4 Rg7 {Black doesn't defend the a
pawn, but instead goes after White's kingside pawns.} 36. Ra8 Rxg2 37. Ra7 h6
38. Re7+ Kf6 39. Re4 Kf5 40. Re8 Rg6 41. Re2 Kf4 42. Re4+ Kg3 43. h4 h5 44. Kd2
Rg4 45. Re6 Kxh4 {Black's strategy works!} 46. Rxd6 Kg3 47. Rd5 h4 48. Rxc5 h3
49. Rh5 h2 50. c3 dxc3+ 51. Kxc3 Rh4 0-1

[Event "8th Asian Seniors 65 Championships 2017"]
[Site "Auckland, NZL NZL"]
[Date "2017.10.12"]
[Round "6.1"]
[White "Torre, Eugenio"]
[Black "Green, Ewen M"]
[Result "1-0"]
[WhiteElo "2456"]
[BlackElo "2213"]
[PlyCount "89"]
[EventDate "2017.??.??"]

1. d4 d5 2. Bf4 Nf6 3. e3 c5 4. c3 Nc6 5. Nd2 Qb6 6. Qb3 c4 7. Qc2 Bg4 8. Be2
Bxe2 9. Nxe2 e6 10. O-O Be7 11. Ng3 O-O 12. e4 Rfe8 13. Bg5 Qb5 14. e5 Nd7 15.
Bxe7 Nxe7 16. Nf3 a5 17. Ng5 Nf8 18. f4 h6 19. Nh3 Ra6 20. f5 Nxf5 21. Nxf5
exf5 22. Rxf5 Rb6 23. Rf2 Ng6 24. Raf1 Re7 25. g3 Qd7 26. Nf4 Nxf4 27. gxf4 {
White's advantage according to the computer is less than 0.5. It isinstructive
to see how White converts that into a win.} Rg6+ 28. Kh1 f5 29. Rg2 Rxg2 30.
Qxg2 Qe6 31. Rg1 Kh7 32. h4 h5 33. a4 Rd7 34. Qc2 g6 35. Kh2 Qc6 36. Rb1 Rc7
37. b4 cxb3 38. Qxb3 b6 39. Kg2 Kg7 40. Kf2 Qd7 41. Ke2 Rc6 42. Kd2 Qd8 43. Qb5
Qd7 44. Rc1 {
White prepares the decisive breakthrough c4!. Nothing can prevent this} g5 {
Black hopes to confuse matters, but it's an empty gesture.} ({
Black cannot prevent c4, for example after} 44... Qe6 45. c4 Rxc4 46. Rxc4 dxc4
47. Kc3 {
White collects the c pawn and the powerful passed central duo will decide}) 45.
hxg5 1-0

[Event "8th Asian Seniors 65 Championships 2017"]
[Site "Auckland, NZL NZL"]
[Date "2017.10.12"]
[Round "6.3"]
[White "Srivatanakul, Pricha"]
[Black "Cooper, Nigel"]
[Result "1-0"]
[WhiteElo "1445"]
[BlackElo "1670"]
[PlyCount "95"]
[EventDate "2017.??.??"]

1. d4 d5 2. Bf4 e6 3. c3 Nf6 4. e3 Bd6 5. Bg3 Ne4 6. Nd2 Nxg3 7. hxg3 Nd7 8.
Bd3 h6 9. g4 e5 10. dxe5 Nxe5 11. Be2 Be6 12. Nb3 Qd7 13. f3 Nc4 14. Bxc4 dxc4
15. Nd4 Bg3+ 16. Ke2 O-O-O 17. Qc2 c5 18. Nxe6 {A critical moment. I
overlooked the possibility of Qd3+ forcing the queens off, and giving me a
passed pawn.} Qxe6 19. Qf5 Qxf5 20. gxf5 Rhe8 21. Nh3 Rd5 22. f6 g6 23. Rad1 {
Should Black keep the Rooks on, or not?} Rxd1 24. Rxd1 Re6 25. f4 Bh4 26. Kf3
Bxf6 27. Nf2 Kc7 $2 {
I should have stopped White's knight reaching g4 by playing h5.} 28. e4 Be7
29. Ng4 g5 30. f5 Rd6 31. Rxd6 Bxd6 32. Nxh6 f6 33. Ng4 Be7 34. a4 a6 35. a5
Kc6 36. Ne3 Kb5 37. Kg4 Kxa5 38. Nxc4+ Ka4 {I try to push the queenside pawns
through, but would have been safer to have played Kb4 and return to the centre
to support the bishop. The three queenside pawns against two will ensure the
Knight is tied up defending, and the game might be drawn.} 39. Nd2 b5 40. Kh5
b4 41. c4 b3 $2 {Black can draw with Bd6 intending Be5, any other move
succumbs to the winning plan demonstrated in the game.} 42. Kg6 Kb4 43. Kf7 Bd8
44. Ke6 a5 45. Kd7 a4 46. Kxd8 a3 47. bxa3+ Kc3 48. Nxb3 {Well played, Pricha!}
1-0

[Event "8th Asian Seniors 65 Championships 2017"]
[Site "Auckland, NZL"]
[Date "2017.10.15"]
[Round "9.6"]
[White "Booth, Anthony"]
[Black "Cooper, Nigel"]
[Result "1/2-1/2"]
[WhiteElo "1730"]
[BlackElo "1670"]
[PlyCount "67"]
[EventDate "2017.??.??"]

1. d4 g6 2. e4 Bg7 3. f4 d6 4. c3 Nf6 5. Bd3 O-O 6. h3 Nbd7 7. Be3 c5 8. Nd2
cxd4 9. cxd4 e5 10. fxe5 dxe5 11. d5 b6 12. Ne2 Bb7 13. O-O Qe7 14. a3 a5 15.
Rc1 Rac8 16. Nc4 {It appears White wins the b pawn unless I defend it with the
queen. That seemed too passive to me. So} Bxd5 $5 17. exd5 Nxd5 18. Bf2 e4 19.
Bxe4 $1 {White returns the piece.} Qxe4 20. Nd6 Rxc1 21. Nxe4 Rxd1 22. Rxd1
N5f6 23. Nxf6+ Nxf6 24. Bxb6 {White regains equal material, and appears to
have more winning chances from here with his extra queenside pawn. But it
might be an illusion.} Ne4 25. b3 Nc3 26. Nxc3 Bxc3 27. a4 Rb8 28. Rd8+ Rxd8
29. Bxd8 Kf8 30. Kf1 Ke8 31. Bb6 Kd7 32. Ke2 Kc6 33. Be3 Kd5 34. Kd3 1/2-1/2

[Event "8th Asian Seniors 50 Championships 2017"]
[Site "Auckland, NZL"]
[Date "2017.10.09"]
[Round "1.2"]
[White "Lodhi, Mahmood"]
[Black "Spiller, Paul"]
[Result "1/2-1/2"]
[WhiteElo "2344"]
[BlackElo "1933"]
[PlyCount "120"]
[EventDate "2017.??.??"]

1. d4 e6 2. Nf3 f5 3. g3 Nf6 4. Bg2 Be7 5. O-O O-O 6. c4 d6 7. Nc3 Qe8 8. Qc2
Qh5 9. e4 fxe4 10. Nxe4 e5 11. dxe5 dxe5 12. Nxf6+ Bxf6 13. Be3 Nc6 14. Nd2 Nd4
15. Bxd4 exd4 16. Ne4 Bh3 17. Qd1 Qxd1 18. Raxd1 Bxg2 19. Kxg2 Rad8 20. Nc5 {
White chooses not to swap the knight off for the bishop, probably because the
resulting endgame looked to be drawish.} Rfe8 21. Nd3 Re2 22. Kf3 Re6 23. Rfe1
Rde8 24. Rxe6 Rxe6 25. Re1 Rxe1 26. Nxe1 Kf7 27. Nd3 Ke6 28. Ke4 Kd6 29. b4 b6
30. b5 c6 31. bxc6 Kxc6 32. a4 g6 33. f4 Bg7 34. g4 a6 35. f5 gxf5+ 36. gxf5 b5
37. cxb5+ axb5 38. a5 Bf6 39. Nb4+ Kb7 40. Nd5 Bg7 41. f6 Bf8 42. f7 b4 43.
Kxd4 Ka6 44. Kc4 Kxa5 45. Kb3 Kb5 46. Nf6 h6 47. Nd7 Be7 48. f8=Q Bxf8 {
Black loses his bishop, but knows he has a draw in the bag.} 49. Nxf8 Kc5 50.
Ng6 Kd5 51. Kxb4 Ke4 52. Kc4 Kf5 53. Ne7+ Kg4 54. Kd3 Kh3 55. Ke2 Kxh2 56. Kf2
Kh3 57. Kf3 Kh4 58. Kf4 Kh5 59. Kf5 Kh4 60. Kf4 Kh5 1/2-1/2

[Event "8th Asian Seniors 50 Championships 2017"]
[Site "Auckland, NZL"]
[Date "2017.10.10"]
[Round "2.5"]
[White "Chan, Peng Kong"]
[Black "Lim, Benjamin U"]
[Result "0-1"]
[WhiteElo "2170"]
[BlackElo "1952"]
[PlyCount "44"]
[EventDate "2017.??.??"]

1. d4 Nf6 2. c4 b6 3. Nf3 e6 4. Nc3 Bb4 5. e3 Bb7 6. Bd3 Ne4 7. Qc2 f5 8. O-O
Bxc3 9. bxc3 O-O 10. c5 Rf6 11. Rb1 {
White fails to anticipate the coming sacrifice.} Nxc3 $1 12. Qxc3 Bxf3 13. g3 {
The Point. White cannot take the bishop because the rook check followed by Qg5
gives a winning attack.} Rg6 14. Re1 Qh4 15. Bf1 Nc6 16. Bg2 Qe4 17. Bxf3 Qxf3
18. Qc4 Qe4 19. Qb5 $2 {White again fails to spot the danger. He needed to
move his bishop to link the rooks together for self-preservation. However
after} (19. Bd2 Ne5 20. Qe2 Nf3+ {wins the exchange, at least.}) 19... Nxd4 20.
exd4 Qxe1+ 21. Kg2 Qe4+ 22. Kg1 f4 {I bet Benny enjoyed that game!} 0-1

[Event "8th Asian Seniors 50 Championships 2017"]
[Site "Auckland, NZL"]
[Date "2017.10.10"]
[Round "3.7"]
[White "Kempen, Leon"]
[Black "Chan, Peng Kong"]
[Result "0-1"]
[WhiteElo "1892"]
[BlackElo "2170"]
[PlyCount "64"]
[EventDate "2017.??.??"]

1. d4 Nf6 2. c4 e6 3. Nf3 b6 4. g3 Ba6 5. b3 Bb4+ 6. Bd2 Be7 7. Bg2 c6 8. Nc3
d5 9. cxd5 cxd5 $1 {Technically speaking, position is equal but it's easier to
play as Black especially facing it for the first time.} 10. O-O ({Better is} 
10. Ne5 O-O (10... Nfd7 $2 11. Nxd5 $1 exd5 12. Nxf7 Kxf7 13. Bxd5+ Ke8 14.
Bxa8 $16) 11. Rc1 Nfd7 12. Nxd5 $2 exd5 13. Nxf7 Rxf7 14. Bxd5 Ne5 $1 15. Bxa8
Nbc6 16. Bxc6 Nxc6 17. Bc3 (17. Rxc6 Qd5 $17) 17... Bf6 $17) 10... Nc6 11. Be3
$2 (11. Rc1 Ba3 (11... Rc8 $1 $10) 12. Nxd5 $5 Bxc1 13. Nxf6+ gxf6 14. Bxc1 O-O
(14... Rc8 15. Ba3) 15. Re1) (11. b4 $1 Bxb4 (11... Nxb4 12. Ne5 $16) 12. Qa4
Bb7 13. Ne5 $16 Bxc3 14. Bxc3 O-O 15. Nxc6 Bxc6 16. Qxc6 Rc8 17. Qa4 Rxc3 18.
Qxa7 Qd6 $10) 11... Rc8 12. a3 Na5 13. b4 (13. Na2 O-O 14. Ne5 Ne4 15. f3 (15.
Bxe4 dxe4 16. b4 Nc4 17. Nxc4 Bxc4 $17) 15... Nd6 $15) 13... Rxc3 14. bxa5 O-O
15. Ne5 (15. Bd2 Rxa3 16. Rxa3 Bxa3 17. Qa4 Bd6 18. axb6 Qxb6 19. Ra1 Bxe2 20.
Qxa7 Qb2 21. Qa2 Qxa2 22. Rxa2 Bc4 23. Ra7 Rb8 $17) (15. axb6 axb6 16. Ne5 Qc7
$15 (16... Ne4 $15)) 15... Qc7 (15... bxa5 16. Bd2 Rc8 17. Qa4 Bxe2 18. Bxa5
Qe8 19. Qxe8 Rfxe8 20. Rfe1 Rc2 $17) 16. axb6 axb6 17. Bd2 Rc2 18. Re1 Rc8 19.
Bb4 Bxb4 20. axb4 Bb5 21. e3 Qc3 $2 {almost threw away the win} (21... g6 $19)
22. Rb1 $2 (22. Ra7 $2 Rc1 23. Qxc1 Qxc1 24. Rxc1 Rxc1+ 25. Bf1 Rxf1+ 26. Kg2
Rb1 $17) (22. Bf1 $1 Bxf1 23. Rxf1 Qxb4 24. Qxc2 Rxc2 25. Ra8+ Qf8 26. Rxf8+
Kxf8 27. Rb1 Ne4 28. Rxb6 Rxf2 29. Rb8+ Ke7 30. Rb7+ $10) 22... Rd2 23. Qc1 (
23. Qf3 h6 24. h4 Be8 $17) 23... Qc2 24. Qxc2 Rcxc2 25. Bf1 (25. Ra1 Rxf2 26.
Bf1 (26. Ra8+ Be8 27. Bf1 g6 $17) 26... g6 27. Ra8+ Kg7 28. Ra7 Be8 29. Rc1
Rg2+ $1 30. Bxg2 Rxc1+ 31. Bf1 Rb1 32. b5 Ne4 33. Kg2 Nd6) 25... Rxf2 26. Bxb5
(26. Ra1 g5 27. Ra8+ Kg7 28. Ra7 Be8 29. Rc1 Rg2+ 30. Bxg2 Rxc1+ 31. Bf1 Rb1
32. b5 Ne4 33. Kg2 Nd6 $19) 26... Rg2+ 27. Kh1 Rxh2+ 28. Kg1 Rcg2+ 29. Kf1 Rf2+
30. Kg1 Rhg2+ 31. Kh1 Ne4 32. Bf1 Nxg3# 0-1

[Event "8th Asian Seniors 50 Championships 2017"]
[Site "Auckland, NZL"]
[Date "2017.10.10"]
[Round "3.8"]
[White "Ismail, Ahmad"]
[Black "Spiller, Paul"]
[Result "1-0"]
[WhiteElo "2026"]
[BlackElo "1933"]
[PlyCount "43"]
[EventDate "2017.??.??"]

1. d4 e6 2. Nf3 f5 3. g3 Nf6 4. Bg2 Be7 5. O-O O-O 6. c4 d6 7. Nc3 Ne4 8. Qc2
Nxc3 9. bxc3 Nd7 10. e4 fxe4 11. Qxe4 Nf6 12. Qe2 Re8 13. Rb1 h6 14. Nh4 c6 15.
Ng6 {With a nasty threat that Black misses.} Qa5 $2 (15... e5 $1 {is necessary}
) 16. Rxb7 $1 Bxb7 17. Qxe6+ Kh7 18. Nxe7 Rad8 19. Qf7 Rd7 20. Be4+ Kh8 21.
Bxh6 $1 Rdxe7 22. Bxg7# 1-0

[Event "8th Asian Seniors 50 Championships 2017"]
[Site "Auckland, NZL"]
[Date "2017.10.10"]
[Round "3.2"]
[White "Lodhi, Mahmood"]
[Black "McLaren, Leonard"]
[Result "1-0"]
[WhiteElo "2344"]
[BlackElo "2221"]
[PlyCount "183"]
[EventDate "2017.??.??"]

1. d4 Nf6 2. Nf3 e6 3. g3 b5 4. e3 a6 5. Bg2 Bb7 6. O-O c5 7. b3 d5 8. Bb2 Nbd7
9. Nbd2 c4 10. Ne5 Qc7 11. Nxd7 Qxd7 12. Nf3 Bd6 13. Ne5 Qc7 14. Qe1 O-O 15.
Bc3 a5 16. bxc4 bxc4 17. Rb1 Rfb8 18. Rb5 a4 19. Ba5 Qc8 20. Qc3 Ba6 21. Rbb1
Ne4 22. Bxe4 dxe4 23. f4 exf3 24. Nxf3 Bb7 25. Nd2 Qc6 26. e4 e5 27. Rb6 Qd7
28. Rfb1 Be7 29. Nxc4 exd4 30. Ne5 dxc3 ({
Black had a winning move, but sadly he missed it.} 30... Qd6 $1 {
and White has too many hanging pieces and something drops off}) 31. Nxd7 Rxa5
32. Rxb7 Rxb7 33. Rxb7 g6 34. Rc7 Rb5 35. Rxc3 {Black has full compensation
for the pawn, but White manages to steadily squelch it and consolidate.} Rb2
36. a3 Kg7 37. Kg2 Ra2 38. Nb6 Bxa3 39. Rc4 Be7 40. Nxa4 Ra3 41. Nc3 Bf6 42.
Ne2 h5 43. Nf4 Bd8 44. Nd3 g5 45. e5 Kg6 46. h3 Kf5 47. g4+ hxg4 48. hxg4+ Ke6
49. Kf3 Ra1 50. Ke4 Rg1 51. Nc5+ Ke7 52. Kd5 Rd1+ 53. Nd3 Rd2 54. Ke4 f6 55.
exf6+ Kxf6 56. Rc6+ Kg7 57. Kf5 {
White now has the compensation as well as the pawn} Rd1 58. Ne5 Rf1+ 59. Ke6
Rf6+ 60. Kd7 Ba5 61. Rxf6 Kxf6 62. Nf3 Bc3 63. Kd6 Bb4+ 64. Kd5 Bc3 65. Ng1 Bd2
66. c4 Be3 67. Nf3 Bf4 68. c5 Ke7 69. Nd4 $2 (69. Kc6 $1 {
Heading to b7 wins easily}) 69... Kd7 70. c6+ Kc8 71. Ne6 Bd2 72. Kd6 Bb4+ 73.
Ke5 Bd2 74. Kf5 Bc1 75. Kf6 Bd2 76. Ke5 Bc1 77. Kd6 Ba3+ 78. Kd5 Bc1 79. Kc5
Bd2 80. c7 Be1 81. Kc6 Bg3 82. Nxg5 Bxc7 83. Ne6 Be5 84. g5 Bb2 85. g6 Bf6 86.
Kd6 Bc3 87. Ke7 Be5 ({Ed: Amazingly} 87... Kb7 $3 {stepping away from the
centre to get around White's pieces and back towards the centre is the only
saving move here (see below), but this is inhuman stuff}) 88. Nf4 Bg7 89. Nh5
Bh6 (89... Bh8 90. Kf7 Kd7 91. Ng7 {is a key winning manoeuvre. In the 87...
Kb7!! line above, Black is just in time to get his King around to f6 when
White goes Kg8 to collect the Bishop}) 90. Kf7 Kd8 91. Nf6 Kc7 92. Ng4 {
Oh for the skills of a GM-elect in an endgame!} 1-0

[Event "8th Asian Seniors 50 Championships 2017"]
[Site "Auckland, NZL"]
[Date "2017.10.11"]
[Round "4.2"]
[White "Watson, Bruce R"]
[Black "Lodhi, Mahmood"]
[Result "0-1"]
[WhiteElo "2275"]
[BlackElo "2344"]
[PlyCount "78"]
[EventDate "2017.??.??"]

1. c4 e5 2. Nc3 Nc6 3. e3 Nf6 4. Nf3 d5 5. cxd5 Nxd5 6. Bb5 Nxc3 7. bxc3 Bd6 8.
d4 exd4 9. cxd4 O-O 10. O-O Bg4 11. Be2 Ne7 12. Qb3 Rb8 13. Ba3 b5 14. Bxd6
cxd6 15. Rfd1 Ng6 16. h3 Bd7 17. d5 a5 18. a3 Qf6 19. Nd4 b4 20. axb4 axb4 21.
Ra7 Bc8 22. Nc6 Rb6 23. Rd4 Qg5 24. Kh2 Qf6 25. Kg1 Qg5 {
Wanting a draw by repetition?} 26. Kf1 {No thanks.} Nh4 27. Bg4 $1 ({
White can win material with} 27. Ne7+ $5 Kh8 28. Nxc8 Qxg2+ 29. Ke1 Rxc8 30.
Rxh4 {But not surprisingly Bruce avoids this as it looks very scary. After}
Qg1+ 31. Bf1 Rc1+ 32. Kd2 {the weak back rank means White can keep his piece
although Black has significant compensation}) 27... Ba6+ {Black insists on
confusing matters more, a very practical approach as White's advantage can
only be maintained with very precise play} 28. Kg1 h5 29. f4 Qh6 30. Ne7+ Kh8
31. Rxb4 $2 (31. Bd1 $1) 31... Rxb4 32. Qxb4 hxg4 33. Rxa6 gxh3 34. Qxd6 $2 (
34. Qa3 $1 {holds the balance}) 34... Qh5 $1 {Winning} 35. Ra2 hxg2 36. Rxg2
Nxg2 37. Ng6+ Qxg6 38. Qxf8+ Kh7 39. Kf2 Nh4 0-1

[Event "8th Asian Seniors 50 Championships 2017"]
[Site "Auckland, NZL"]
[Date "2017.10.11"]
[Round "4.7"]
[White "Eade, Don"]
[Black "Forster, William"]
[Result "0-1"]
[WhiteElo "1794"]
[BlackElo "1959"]
[PlyCount "64"]
[EventDate "2017.??.??"]

1. e4 c5 2. Nc3 a6 3. g3 b5 4. Bg2 Bb7 5. d3 e6 6. f4 Nf6 7. Nf3 d5 8. e5 d4 9.
Ne2 Nd5 10. O-O Be7 11. g4 Nc6 12. Bd2 Qc7 13. Ng3 c4 14. Ne4 c3 $1 {The editor
is pleased to report that Stockfish likes this tactic more and more as it
looks longer. One bright spot in an otherwise miserable tournament for me.} 15.
bxc3 dxc3 16. Nxc3 Nxe5 {The point, Black is entitled to a positional plus,
but not the immediate collapse that ensues} 17. Ne4 $4 Nxg4 18. Nfg5 Nde3 19.
Qf3 Nxf1 20. Rxf1 Nh6 21. f5 Nxf5 22. Bf4 Qb6+ 23. Kh1 O-O 24. Qh5 Bxg5 25.
Bxg5 h6 26. Nf6+ gxf6 27. Bxf6 Bxg2+ 28. Kxg2 Kh7 29. Rxf5 Rg8+ 30. Rg5 Rg6 31.
Qf3 Rag8 32. Qe4 hxg5 0-1

[Event "8th Asian Seniors 50 Championships 2017"]
[Site "Auckland, NZL"]
[Date "2017.10.12"]
[Round "5.1"]
[White "Lodhi, Mahmood"]
[Black "Johansen, Darryl K"]
[Result "1/2-1/2"]
[WhiteElo "2344"]
[BlackElo "2380"]
[PlyCount "98"]
[EventDate "2017.??.??"]

1. d4 Nf6 2. Nf3 e6 3. c4 Bb4+ 4. Nbd2 b6 5. e3 Bb7 6. Bd3 O-O 7. O-O d5 8.
cxd5 exd5 9. Ne5 Bd6 10. b3 c5 11. Bb2 Nc6 12. Ndf3 Nb4 13. Be2 a5 14. a3 Na6
15. a4 Ne4 16. Nd2 Nxd2 17. Qxd2 Qe7 18. Bb5 Nb4 {
Now pieces begin to fly everywhere.} 19. Nd7 Rfd8 20. Nxb6 Bxh2+ 21. Kxh2 Qd6+
22. f4 Qxb6 23. dxc5 Qxc5 24. Bd4 Qc2 25. Rf2 Qxb3 {Black has won a pawn but
White has more than enough positional compensation, and the computer even
finds a clever win, based on the idea of trapping the Queen} 26. Bxg7 $5 {
Mahmood's version of the same idea is even more surprising, but offers Black a
way of wrigglingout} (26. Qe2 $1 {With two ideas} Rd6 {
defending the king but allowing} 27. Qf1 $1 {and Rb2 will trap the Queen})
26... Kxg7 27. Qd4+ f6 28. Rb2 Nc2 $1 29. Rxb3 Nxd4 30. exd4 {White retains an
edge based on his better Bishop, but Darryl never really looks to be in
serious danger from here.} Ra7 31. Rc1 Bc8 32. Bd3 Bd7 33. Rc5 Bxa4 34. Ra3 Be8
35. Raxa5 Rxa5 36. Rxa5 Bf7 37. Ra7 h6 38. Bf5 Rd6 39. Kg3 Rb6 40. Kh4 Kf8 41.
Ra4 Rb2 42. g4 Rh2+ 43. Kg3 Rb2 44. Ra6 Ke7 45. Ra7+ Kf8 46. Ra8+ Kg7 47. Ra4
Rb3+ 48. Kf2 Rb2+ 49. Ke3 Rb3+ 1/2-1/2

[Event "8th Asian Seniors 50 Championships 2017"]
[Site "Auckland, NZL"]
[Date "2017.10.13"]
[Round "7.2"]
[White "McLaren, Leonard"]
[Black "Watson, Bruce R"]
[Result "0-1"]
[WhiteElo "2221"]
[BlackElo "2275"]
[PlyCount "74"]
[EventDate "2017.??.??"]

1. e4 c5 2. c3 Nf6 3. e5 Nd5 4. d4 cxd4 5. cxd4 e6 6. Nc3 Nxc3 7. bxc3 Qc7 8.
Bd2 d6 9. f4 Bd7 10. Nf3 Bc6 11. Bd3 Nd7 12. O-O g6 13. Qe2 Nb6 14. c4 d5 15.
c5 Nc4 16. Bxc4 dxc4 17. Qxc4 O-O-O 18. Bc3 Qd7 19. Qb3 Be7 20. Qb2 h6 21. Ba5
Rdg8 22. Rae1 g5 23. Nd2 gxf4 24. Ne4 Rg4 25. h3 Rg6 26. Rxf4 Rhg8 {
White needs to play simply Re2. Since after} 27. g4 h5 {Black takes over.} 28.
Rxf7 hxg4 29. h4 Qe8 30. Qf2 g3 31. Qf3 Rg4 32. Rf4 Qg6 33. Rxg4 Qxg4 34. Qxg4
Rxg4 35. Nf6 Rxd4 36. Re3 Rd1+ 37. Re1 Bxc5+ 0-1

[Event "8th Asian Seniors 50 Championships 2017"]
[Site "Auckland, NZL"]
[Date "2017.10.13"]
[Round "7.3"]
[White "Bagamasbad, Efren"]
[Black "Johansen, Darryl K"]
[Result "1-0"]
[WhiteElo "2082"]
[BlackElo "2380"]
[PlyCount "87"]
[EventDate "2017.??.??"]

1. c4 e6 2. Nf3 c5 3. Nc3 Nf6 4. a3 d5 5. cxd5 Nxd5 6. g3 Nxc3 7. bxc3 b6 8.
Bg2 Bb7 9. O-O Be7 10. Qc2 O-O $2 {Diagam #Ed: Did Darryl really miss the
standard tactic in this position, or is this some kind of mysterious
Grandmasterly exchange sac? Perhaps he will see this in his complementary copy
an let us know. The engine isn't impressed and the further course of the game
suggests it really was a blunder.} 11. Ng5 Bxg5 12. Bxb7 Nd7 13. Bxa8 Qxa8 14.
d4 Bf6 15. Be3 Qc6 16. Rac1 Rc8 17. Qb3 h5 18. Rfd1 c4 19. Qc2 Be7 20. a4 g6
21. Rb1 Bf8 22. Bg5 Bg7 23. e4 Qb7 24. Re1 Nb8 25. h4 Nc6 26. Qe2 e5 27. d5 Na5
28. g4 hxg4 29. Qxg4 f5 30. exf5 Qd7 31. Qg2 Qxf5 32. d6 Qd7 33. Rbd1 Rf8 34.
Re3 Kh7 35. Rg3 Rf7 36. h5 gxh5 37. Qe4+ Kh8 38. Qg6 Nc6 39. Qxh5+ Kg8 40. Qg4
Kf8 41. Qxc4 Ke8 42. Qe4 Bf8 43. Qg6 Nd8 44. Rd5 {
Black is completely tied up in knots} 1-0

[Event "8th Asian Seniors 50 Championships 2017"]
[Site "Auckland, NZL"]
[Date "2017.10.13"]
[Round "7.11"]
[White "Hair, Philip I"]
[Black "Yee, Stanley"]
[Result "1-0"]
[WhiteElo "1829"]
[BlackElo "1904"]
[PlyCount "49"]
[EventDate "2017.??.??"]

1. e4 c6 2. d4 d5 3. f3 dxe4 4. fxe4 e5 5. Nf3 exd4 6. Bc4 Bb4+ 7. c3 Be7 8.
Qb3 Be6 9. Bxe6 fxe6 10. Nxd4 e5 11. Ne6 Qd7 12. Nxg7+ Kd8 13. Ne6+ Kc8 14. O-O
Na6 15. Bg5 Nc5 16. Nxc5 Bxc5+ 17. Kh1 Ne7 18. Nd2 Ng6 19. Rf7 Be7 20. Nf3 Re8
21. Rd1 Qc7 22. Qe6+ Kb8 23. Rd7 Qc8 24. Bxe7 Nxe7 25. Qd6+ {
A smashing victory Philip!} 1-0

[Event "8th Asian Seniors 50 Championships 2017"]
[Site "Auckland, NZL"]
[Date "2017.10.12"]
[Round "6.10"]
[White "Shrestha, Sujendra Prasad"]
[Black "Press, Shaun"]
[Result "0-1"]
[WhiteElo "1900"]
[BlackElo "1935"]
[PlyCount "112"]
[EventDate "2017.??.??"]

1. e4 e5 2. g3 Nf6 3. Bg2 d5 4. exd5 Nxd5 5. d3 c6 6. Nf3 Bd6 7. O-O O-O 8. h3
f5 9. Re1 Qc7 10. c4 Nf6 11. c5 Bxc5 12. Nxe5 Qb6 13. Qc2 Nbd7 14. Nc3 Nxe5 15.
Rxe5 Bd6 16. Re2 f4 17. gxf4 Nh5 18. Ne4 Bxf4 19. Be3 Bxe3 20. Rxe3 Nf4 21. Ng5
Qb5 22. h4 Nxg2 23. Kxg2 Qd5+ 24. Kg1 h6 25. Ne4 Bf5 26. a3 Rad8 27. Rae1 Kh8
28. Qc3 Qf7 {
Black prepares a neat attack, netting a pawn and opening up the White King.}
29. Rf3 Qh5 30. Rf4 Qg6+ 31. Kh2 Bxe4 32. Rexe4 Rxf4 33. Rxf4 Rxd3 34. Qe5 Rd1
35. Rf8+ Kh7 36. Rf3 Qg1+ 37. Kh3 Qh1+ 38. Kg4 Qg2+ 39. Kf4 g5+ {
The attack comes to fruition.} 40. hxg5 hxg5+ 41. Qxg5 Rd4+ 42. Ke3 Qxg5+ 43.
Kxd4 Qd2+ 44. Ke4 Qxb2 45. Kf5 Qb5+ 46. Kf6 Qd5 47. Rf5 Qd4+ 48. Kf7 Qg7+ 49.
Ke6 Kg6 50. Rf3 Qg8+ 51. Ke7 Qd5 52. Rf6+ Kg5 53. f4+ Kg4 54. a4 Qe4+ 55. Kd6
Qxa4 56. Rf7 Qxf4+ 0-1